Income Tax Act : The Finance Act Bare Act (Record no. 17640)

MARC details
000 -LEADER
fixed length control field 00392nam a2200145Ia 4500
008 - FIXED-LENGTH DATA ELEMENTS--GENERAL INFORMATION
fixed length control field 220803s9999 xx 000 0 und d
041 ## - LANGUAGE CODE
Language code of text/sound track or separate title eng
082 ## - DEWEY DECIMAL CLASSIFICATION NUMBER
Classification number 658.15 ARO
100 ## - MAIN ENTRY--PERSONAL NAME
Personal name Arora S
9 (RLIN) 27629
245 ## - TITLE STATEMENT
Title Income Tax Act : The Finance Act Bare Act
260 ## - PUBLICATION, DISTRIBUTION, ETC. (IMPRINT)
Place of publication, distribution, etc. New Delhi
Name of publisher, distributor, etc. Professional Book Publishers
Date of publication, distribution, etc. 2004
300 ## - PHYSICAL DESCRIPTION
Extent 876p
650 ## - SUBJECT ADDED ENTRY--TOPICAL TERM
Topical term or geographic name as entry element Management
9 (RLIN) 27630
700 ## - ADDED ENTRY--PERSONAL NAME
Personal name Arora S
9 (RLIN) 27629
Holdings
Withdrawn status Lost status Damaged status Not for loan Home library Current library Shelving location Date acquired Total Checkouts Full call number Barcode Date last seen Date last checked out Bill Date Koha item type Original Barcode
        Dr. Bhanuben Nanavati College of Architecture Dr. Bhanuben Nanavati College of Architecture   14/08/2004 4 658.15 ARO BNCA-DB-40 25/07/2023 21/07/2023 03/08/2022 Donated Book DB000040